Prayer for progress; (Record no. 62106)

MARC details
000 -LEADER
fixed length control field 00629cam a22002051 4500
001 - CONTROL NUMBER
control field sa 65001555
003 - CONTROL NUMBER IDENTIFIER
control field DLC
005 - DATE AND TIME OF LATEST TRANSACTION
control field 20260227112110.0
008 - FIXED-LENGTH DATA ELEMENTS--GENERAL INFORMATION
fixed length control field 740625s1951 pk 000 0 eng
010 ## - LIBRARY OF CONGRESS CONTROL NUMBER
LC control number sa 65001555
035 ## - SYSTEM CONTROL NUMBER
System control number (OCoLC)929221
040 ## - CATALOGING SOURCE
Original cataloging agency DLC
Transcribing agency MBU
Modifying agency OCoLC
-- DLC
042 ## - AUTHENTICATION CODE
Authentication code premarc
050 00 - LIBRARY OF CONGRESS CALL NUMBER
Classification number BP174
Item number .R3
100 1# - MAIN ENTRY--PERSONAL NAME
Personal name Razzaque, Abdur.
245 10 - TITLE STATEMENT
Title Prayer for progress;
Remainder of title a reasoned exposition of ebadat of Allah in the light of the teachings of the Shariyaat.
260 ## - PUBLICATION, DISTRIBUTION, ETC.
Place of publication, distribution, etc. Lahore,
Name of publisher, distributor, etc. Stocked by Sh. Muhammad Ashraf
Date of publication, distribution, etc. [1951]
300 ## - PHYSICAL DESCRIPTION
Extent xv, 203 p.
Dimensions 22 cm.
650 #0 - SUBJECT ADDED ENTRY--TOPICAL TERM
Topical term or geographic name entry element Islam
General subdivision Customs and practices

No items available.

Powered by Koha